Statistics for A is for.. Animals

Click here to take the quiz!

General Stats

  • This quiz has been taken 24 times
  • The average score is 9 of 15

Answer Stats

HintAnimal% Correct
The world's longest snake. (8)Anaconda
100%
Small six legged animal. Found everywhere. (3)Ant
95%
A crocodilian not crocodile. (9)Alligator
90%
A shelled American animal. (9)Armadillo
85%
First animal in the dictionary. (8)Aardvark
80%
Self-explanatory name. (8)Anteater
75%
The widest wingspan of any bird. (9)Albatross
65%
A fish that uses a lure. (10)Anglerfish
55%
An anagram of the above, minus one letter. (9)Angelfish
50%
Second animal in the dictionary, like a hyena. (8)Aardwolf
35%
A type of penguin. (6)Adelie
30%
An endangered African antelope. (5)Addax
25%
An Amazonian rodent. (6)Agouti
25%
A Mexican amphibian. (7)Axolotl
25%
A mountain toucan. (7)Aracari
15%

Score Distribution

Percentile by Number Answered

Percent of People with Each Score

Your Score History

You have not taken this quiz